[Event "Challenge"]
[Site "http://www.queenalice.com/game.php?id=1527495"]
[Date "2018.5.17"]
[Round "-"]
[White "siarango"]
[Black "VictorArruda"]
[Result "0-1"]
[WhiteElo "1776"]
[BlackElo "1901"]

1. e4 e5 2. Nf3 Nc6 3. Bb5 a6 4. Bxc6 dxc6 5. h3 f6 6. d3 Be6 7. a3 Bc5 8. O-O
Ne7 9. b4 Ba7 10. Qe2 Qd7 11. c4 O-O-O 12. Ne1 g5 13. Kh2 h5 14. Nd2 g4 15. h4
Ng6 16. g3 f5 17. Nb3 f4 18. gxf4 exf4 19. f3 Nxh4 20. Bxf4 Nxf3+ 21. Nxf3 gxf3
22. Qxf3 Qxd3 23. Rad1 Qc2+ 24. Kh1 Rxd1 25. Rxd1 Bg4 26. Qd3 Qxd1+ 27. Qxd1
Bxd1 28. Nc1 Rf8 29. Bg5 Rf3 30. Kh2 Be3 31. Bxe3 Rxe3 32. Kg2 Rxe4 33. c5 Re3
34. Kf2 Rxa3 35. Ke1 Bg4 36. Kd2 h4 37. Nd3 Rxd3+ 38. Kxd3 h3 39. Ke3 h2 40. Kf4
Bd7 0-1

[Event "Challenge"]
[Site "http://www.queenalice.com/game.php?id=1531162"]
[Date "2018.6.14"]
[Round "-"]
[White "siarango"]
[Black "ademirmachado"]
[Result "1/2-1/2"]
[WhiteElo "1801"]
[BlackElo "1871"]

1. e4 c5 2. Bc4 Nf6 3. d3 e5 4. Nf3 Nc6 5. Ng5 d5 6. exd5 Na5 7. Bb3 Nxb3 8.
axb3 Qxd5 9. O-O b6 10. Qf3 Bb7 11. Qxd5 Bxd5 12. c4 Bb7 13. h3 Bd6 14. Nc3 O-O
15. Nb5 Bb8 16. Nc3 h6 17. Nge4 Nxe4 18. Nxe4 f5 19. Ng3 Bc7 20. Ne2 a5 21. f3
Rad8 22. Rd1 Rd7 23. Ng3 f4 24. Nh1 Rfd8 25. Nf2 g5 26. Kf1 Kg7 27. Ke2 h5 28.
Ne4 Kg6 29. Nf2 Kf5 30. Bd2 Ra8 31. Bc3 Bc6 32. Rd2 a4 33. bxa4 Rxa4 34. Rxa4
Bxa4 35. b4 Bd6 36. b5 h4 37. Ne4 Be7 38. Nf2 Bf6 39. Ne4 Be7 40. Nf2 1/2-1/2

[Event "Challenge"]
[Site "http://www.queenalice.com/game.php?id=1531164"]
[Date "2018.6.14"]
[Round "-"]
[White "siarango"]
[Black "agourmay5"]
[Result "0-1"]
[WhiteElo "1801"]
[BlackElo "1813"]

1. e4 c5 2. Bc4 Nc6 3. a3 d6 4. d3 g6 5. Nc3 Bg7 6. Nge2 Nf6 7. h3 O-O 8. O-O b6
9. Nd5 Ne5 10. Ba2 e6 11. Nxf6+ Bxf6 12. Bf4 Bb7 13. Rb1 d5 14. exd5 exd5 15.
Bh6 Re8 16. Nf4 d4 17. Re1 Bg5 18. Bxg5 Qxg5 19. Nd5 Rad8 20. f4 Qf5 21. fxe5
Bxd5 22. Bxd5 Rxd5 23. Qf3 Qxf3 24. gxf3 Rdxe5 25. Kf2 Rxe1 26. Rxe1 Rxe1 27.
Kxe1 Kg7 28. Kf2 Kh6 29. Kg3 f5 30. a4 g5 31. h4 f4+ 32. Kg4 gxh4 33. Kxh4 Kg6
34. Kg4 h6 35. Kxf4 Kh5 36. Kf5 Kh4 37. f4 Kg3 38. Kg6 Kxf4 39. Kxh6 Ke3 40. Kg5
Kd2 41. Kf4 Kxc2 42. Ke4 Kxb2 43. Kd5 Kb3 44. a5 bxa5 45. Kxc5 a4 46. Kxd4 a3
47. Kc5 a2 48. d4 a1=Q 49. d5 a5 50. d6 a4 51. d7 Qd1 52. Kc6 a3 53. Kc7 a2 54.
d8=Q Qxd8+ 55. Kxd8 a1=Q 0-1

[Event "Challenge"]
[Site "http://www.queenalice.com/game.php?id=1532097"]
[Date "2018.6.21"]
[Round "-"]
[White "siarango"]
[Black "CordeiroNeto"]
[Result "1-0"]
[WhiteElo "1804"]
[BlackElo "1798"]

1. e4 e5 2. Nf3 Nc6 3. Bb5 Bd6 4. Bxc6 dxc6 5. d3 f6 6. Nh4 Be6 7. h3 Qd7 8. Bd2
O-O-O 9. c4 c5 10. Nc3 a6 11. Be3 c6 12. Na4 Qe7 13. O-O g5 14. Nf5 Bxf5 15.
exf5 Nh6 16. g4 Kc7 17. Qb3 Nf7 18. Qb6+ Kb8 19. Bxc5 Bxc5 20. Nxc5 Nd6 21.
Nxa6+ Kc8 22. Nc5 Qc7 23. Qxc7+ Kxc7 24. Ne6+ Kd7 25. Nxd8 Kxd8 26. Rfd1 b5 27.
c5 Nb7 28. b4 Kc7 29. a4 Ra8 30. axb5 Rxa1 31. Rxa1 h6 32. b6+ Kb8 33. Ra7 Nd8
34. Rh7 Nb7 35. Rh8+ Nd8 36. Rxd8+ Kb7 37. Rf8 e4 38. dxe4 Ka6 39. Rxf6 Kb7 40.
Rxh6 Kc8 41. f6 1-0

[Event "Challenge"]
[Site "http://www.queenalice.com/game.php?id=1532436"]
[Date "2018.6.24"]
[Round "-"]
[White "siarango"]
[Black "gruppodilavoro"]
[Result "1/2-1/2"]
[WhiteElo "1801"]
[BlackElo "1797"]

1. d4 Nf6 2. Nc3 e6 3. e4 Bb4 4. Bd2 Bxc3 5. Bxc3 d5 6. e5 Nfd7 7. Bb5 O-O 8.
Bb4 Re8 9. Nf3 Nc6 10. Bxc6 bxc6 11. O-O Ba6 12. Re1 f6 13. exf6 Nxf6 14. Ne5
Bb5 15. a4 Ba6 16. Nxc6 Qc8 17. Ne7+ Rxe7 18. Bxe7 Ne4 19. f3 Nd6 20. b3 Qd7 21.
Bxd6 cxd6 22. Qd2 Rf8 23. Qe3 Re8 24. Rac1 Bb7 25. Re2 Ba6 26. Ree1 Bb7 27. h4
a6 28. h5 e5 29. dxe5 Rxe5 30. Qd2 Rxh5 31. Qd4 Rh6 32. Re3 Re6 33. Rce1 Rxe3
34. Rxe3 h6 35. Qb6 Kh7 36. Qd4 Kg8 37. c4 dxc4 38. Qxc4+ Kh8 39. a5 Kh7 40.
Qd3+ Kg8 41. Qe2 Kf7 42. Qc4+ d5 43. Qf4+ Kg8 44. Qe5 Kh7 45. Qe7 Qc8 46. Qe5
Qd7 47. Qe6 Qc8 48. Qxc8 Bxc8 49. Kf2 Kg6 50. f4 Kf6 51. g3 g6 52. Kf3 g5 53.
fxg5+ hxg5 54. g4 d4 55. Rd3 Ke5 56. b4 Bb7+ 57. Ke2 Bc8 58. Kf3 Bb7+ 59. Kf2
Bc6 60. Kg3 Ke4 61. Rd1 d3 62. Kf2 Ba4 63. Rd2 Kd4 64. Kf3 Bc6+ 65. Kf2 Ba4 66.
Kf3 Bc6+ 67. Kf2 Ba4 68. Kf3 Bc6+ 69. Kf2 1/2-1/2

[Event "Challenge"]
[Site "http://www.queenalice.com/game.php?id=1532439"]
[Date "2018.6.24"]
[Round "-"]
[White "siarango"]
[Black "LYUSS"]
[Result "1-0"]
[WhiteElo "1820"]
[BlackElo "1755"]

1. d4 d5 2. c4 e5 3. e3 Bd6 4. c5 Be7 5. Bb5+ Bd7 6. Qb3 c6 7. Be2 e4 8. Qxb7
Na6 9. Qxa6 Bc8 10. Qa4 Bd7 11. Nc3 Nf6 12. f3 O-O 13. fxe4 dxe4 14. Qc2 Qa5 15.
Bd2 Qc7 16. Nxe4 Bf5 17. Nxf6+ Bxf6 18. e4 Be6 19. e5 Be7 20. Nf3 Bd5 21. Bg5 f6
22. exf6 Bxf6 23. Bxf6 Rxf6 24. Ng5 Rg6 25. Qd2 Re8 26. Rg1 Qxh2 27. O-O-O Qg3
28. Nf3 Qc7 29. Bd3 Rf6 30. Ng5 g6 31. Rh1 h5 32. Kb1 Qg3 33. Rh3 Qg4 34. b3
Qxd4 35. Nf3 Qxc5 36. Rc1 Qb6 37. Qc3 Qd8 38. Rg3 Qd6 39. Rh3 c5 40. Qxc5 Qf8
41. Qxd5+ Kg7 42. Rc7+ Kh8 43. Ng5 Re1+ 44. Kb2 Rf2+ 45. Bc2 Qf6+ 46. Ka3 Qa6+
47. Kb2 Rxc2+ 48. Rxc2 Qf6+ 49. Rhc3 Re3 50. Qc5 Re5 51. Qc8+ Kg7 52. Qd7+ Kg8
53. Qh7+ Kf8 54. Qf7+ Qxf7 55. Nxf7 Kxf7 56. Rc6 Kg7 57. Ra6 Re7 58. Rcc6 Re2+
59. Rc2 Re7 60. Ka3 Kh6 61. Rcc6 Rg7 62. Rc5 h4 63. Ra4 g5 64. Rg4 Kh5 65. Rcc4
Rf7 66. Ka4 Rf6 67. a3 Ra6+ 68. Kb4 Rb6+ 69. Kc3 Rb5 70. a4 Ra5 71. Rgd4 Re5 72.
Rd2 g4 73. Kd4 Rf5 74. Ke4 Kg5 75. Rc7 Rf4+ 76. Ke3 h3 77. Rd5+ 1-0

[Event "Challenge"]
[Site "http://www.queenalice.com/game.php?id=1532441"]
[Date "2018.6.24"]
[Round "-"]
[White "siarango"]
[Black "CordeiroNeto"]
[Result "1-0"]
[WhiteElo "1820"]
[BlackElo "1770"]

1. d4 d5 2. c4 Nf6 3. c5 c6 4. Bg5 h6 5. Bh4 Bf5 6. Bxf6 exf6 7. Nc3 Na6 8. a3
b6 9. e3 b5 10. b4 Be7 11. Nge2 O-O 12. Ng3 Qd7 13. Nxf5 Qxf5 14. Bd3 Qe6 15.
O-O g6 16. Qf3 f5 17. Rfe1 Rfe8 18. Kf1 Nc7 19. h3 Qf6 20. Qg3 Ne6 21. a4 a6 22.
a5 h5 23. f4 Ng7 24. Ne2 Qe6 25. Qf3 Qf6 26. Ra2 Ne6 27. Nc3 Bd8 28. Rae2 Bc7
29. g4 fxg4 30. hxg4 hxg4 31. Qxg4 Kg7 32. f5 Ng5 33. Rf2 Qe7 34. f6+ Qxf6 35.
Rxf6 Kxf6 36. Qd7 Re7 37. Qxc6+ 1-0

[Event "Let's Play Chess!"]
[Site "http://www.queenalice.com/game.php?id=1539058"]
[Date "2018.8.19"]
[Round "-"]
[White "siarango"]
[Black "charles31"]
[Result "1-0"]
[WhiteElo "1810"]
[BlackElo "1670"]

1. e4 e5 2. Bc4 Nf6 3. d3 Bb4+ 4. Bd2 Bxd2+ 5. Nxd2 d5 6. exd5 Nxd5 7. Qf3 Be6
8. Ne2 Nc6 9. a3 Qf6 10. Qxf6 gxf6 11. h3 Na5 12. Ba2 O-O-O 13. c4 Ne7 14. b4
Nac6 15. Nc1 Nf5 16. O-O h5 17. Bb1 Nfd4 18. Kh2 f5 19. Ncb3 a6 20. Nxd4 Nxd4
21. f4 exf4 22. Rxf4 h4 23. Nf3 Ne2 24. Rxh4 Rxh4 25. Nxh4 Nd4 26. Ra2 Rh8 27.
Nf3 f6 28. Nxd4 Bd7 29. Rf2 Rh4 30. Nxf5 Rh5 31. d4 Kd8 32. d5 Ke8 33. Ng7+ 1-0

[Event "Let's Play Chess!"]
[Site "http://www.queenalice.com/game.php?id=1539060"]
[Date "2018.8.19"]
[Round "-"]
[White "siarango"]
[Black "charles31"]
[Result "0-1"]
[WhiteElo "1834"]
[BlackElo "1636"]

1. e4 e5 2. Nf3 d6 3. Bc4 h6 4. h3 Nf6 5. d3 Nc6 6. a3 Be6 7. Bxe6 fxe6 8. Bd2
d5 9. exd5 exd5 10. O-O Qd7 11. Re1 Bd6 12. Nc3 g5 13. Nh2 h5 14. Nf3 g4 15.
hxg4 hxg4 16. Nh2 Qh7 17. f3 Qxh2+ 18. Kf2 g3+ 19. Ke2 Qxg2+ 20. Ke3 d4# 0-1

[Event "Let's Play Chess!"]
[Site "http://www.queenalice.com/game.php?id=1539351"]
[Date "2018.8.19"]
[Round "-"]
[White "paolop69"]
[Black "siarango"]
[Result "0-1"]
[WhiteElo "1698"]
[BlackElo "1857"]

1. e4 e5 2. Bc4 Nf6 3. d3 d5 4. exd5 Nxd5 5. Nc3 Nf6 6. Bg5 Be7 7. Ne4 Nxe4 8.
Bxe7 Kxe7 9. dxe4 Qd6 10. Qxd6+ cxd6 11. c3 Be6 12. Bxe6 Kxe6 13. f3 Nd7 14. Ne2
Nc5 15. O-O-O Rhd8 16. b3 a5 17. Kc2 b6 18. Ng3 g6 19. Ne2 d5 20. exd5+ Rxd5 21.
Rxd5 Kxd5 22. Rd1+ Ke6 23. Nc1 Ra7 24. Nd3 Nxd3 25. Rxd3 Rd7 26. c4 Rc7 27. Rd8
h5 28. Re8+ Kf6 29. g4 hxg4 30. fxg4 Re7 31. Rb8 Re6 32. h4 e4 33. Kd2 Ke5 34.
Rf8 f5 35. gxf5 gxf5 36. Ke2 Rh6 37. Re8+ Kf4 38. Rb8 Kg4 39. Rf8 f4 40. Rg8+
Kxh4 41. Re8 e3 42. Kf3 Rf6 43. Rh8+ Kg5 44. Rg8+ Kf5 45. Rh8 Ke5 46. Rh5+ Kd4
47. Rd5+ Kc3 48. Rg5 Kb2 49. Rg2+ Kc3 50. Re2 Kd3 51. Rh2 Kc3 52. Re2 Kd3 53.
Rg2 Re6 54. Re2 Rh6 55. Re1 Rf6 56. Rd1+ Kc2 57. Re1 Kd2 58. Re2+ Kc3 59. Rg2
Re6 60. Re2 Kd3 61. Re1 e2 62. Kf2 Kd2 0-1

[Event "Let's Play Chess!"]
[Site "http://www.queenalice.com/game.php?id=1539352"]
[Date "2018.8.19"]
[Round "-"]
[White "paolop69"]
[Black "siarango"]
[Result "0-1"]
[WhiteElo "1691"]
[BlackElo "1847"]

1. e4 e5 2. Bc4 Nf6 3. d3 d5 4. exd5 Nxd5 5. Qf3 Be6 6. Qe4 c6 7. Nc3 Nxc3 8.
bxc3 Qf6 9. Bxe6 Qxe6 10. Nf3 Nd7 11. d4 f5 12. Qe2 e4 13. Ng5 Qg6 14. f4 h6 15.
Nh3 Be7 16. g3 O-O 17. Qc4+ Qf7 18. Qxf7+ Rxf7 19. Rb1 b6 20. Be3 c5 21. d5 Nf6
22. c4 Bd6 23. O-O Ng4 24. Rfe1 Re8 25. a4 Nxe3 26. Rxe3 g6 27. Nf2 Kg7 28. Nd1
Rb8 29. a5 bxa5 30. Rxb8 Bxb8 31. Nc3 a6 32. Na4 Ba7 33. Rb3 g5 34. fxg5 hxg5
35. Kf2 Kf6 36. Rb1 Ke5 37. Ke2 Kd4 38. Nb2 f4 39. Rd1+ Kc3 40. Na4+ Kxc4 41. d6
Rd7 42. gxf4 Kb5 43. Nc3+ Kc6 44. Nxe4 gxf4 45. c4 Bb8 46. Nf6 Rxd6 47. Ra1 Rxf6
48. Rxa5 Kb6 49. Ra3 a5 50. Rb3+ Ka7 51. Kf3 Rh6 52. Rb5 Ra6 53. Rxc5 a4 54. Rd5
a3 55. Rd7+ Kb6 0-1

[Event "Challenge"]
[Site "http://www.queenalice.com/game.php?id=1546548"]
[Date "2018.10.20"]
[Round "-"]
[White "siarango"]
[Black "Sotto"]
[Result "1/2-1/2"]
[WhiteElo "1853"]
[BlackElo "1965"]

1. e4 c5 2. Bc4 Nc6 3. Qh5 e6 4. d3 Qc7 5. a3 Nf6 6. Qf3 Nd4 7. Qd1 b5 8. Ba2
Bb7 9. Nf3 h6 10. Nxd4 cxd4 11. O-O Bd6 12. g3 Be7 13. Re1 e5 14. Qf3 Qxc2 15.
Qd1 Rc8 16. Qxc2 Rxc2 17. Nd2 O-O 18. Nf3 Ng4 19. Rf1 d6 20. Bb3 Rc7 21. h3 Nf6
22. Bd2 Bc8 23. Rac1 Rb7 24. Bb4 Bxh3 25. Rfe1 Rc8 26. Rxc8+ Bxc8 27. Nxe5 Be6
28. Bxe6 fxe6 29. Nc6 Bf8 30. Nxd4 e5 31. Nf5 Rd7 32. f3 Kh7 33. Kg2 g6 34. Ne3
Rc7 35. Re2 Kg7 36. g4 Rc6 37. Rc2 Rxc2+ 38. Nxc2 d5 39. Bxf8+ Kxf8 40. Nb4 dxe4
41. dxe4 Nd7 42. Nc6 a6 43. b4 Ke8 44. Kg3 Kf7 45. f4 exf4+ 46. Kxf4 h5 47. gxh5
gxh5 48. Kg5 Nf6 49. e5 Nd7 50. Kxh5 Ke6 51. Kg5 Nxe5 52. Nb8 Nc4 53. Nxa6 Nxa3
54. Kf4 Nc2 55. Ke4 Kd6 56. Kd3 Nxb4+ 57. Nxb4 Kc5 58. Nc2 b4 59. Nxb4 Kxb4 60.
Kd4 1/2-1/2

[Event "Challenge"]
[Site "http://www.queenalice.com/game.php?id=1546553"]
[Date "2018.10.20"]
[Round "-"]
[White "siarango"]
[Black "Cateesalta"]
[Result "1-0"]
[WhiteElo "1857"]
[BlackElo "1865"]

1. e4 e6 2. d4 Nc6 3. Nf3 d5 4. e5 g6 5. Bb5 Bd7 6. a3 Na5 7. Bxd7+ Qxd7 8. Nc3
a6 9. O-O Bg7 10. Bd2 Ne7 11. b3 O-O 12. Na2 Nac6 13. Nb4 Nf5 14. c3 a5 15. Nd3
Nce7 16. Nc5 Qc8 17. Bg5 b6 18. Nd3 h6 19. Bxe7 Nxe7 20. h3 b5 21. Nc5 Nc6 22.
b4 a4 23. Nh2 Ne7 24. Qe2 c6 25. f4 Nf5 26. Qf2 Re8 27. Ng4 h5 28. Ne3 Bf8 29.
Nxf5 Bxc5 30. bxc5 exf5 31. Qh4 Qd8 32. Qxd8 Raxd8 33. h4 Kg7 34. Rab1 f6 35.
Rfe1 fxe5 36. Rxe5 Rxe5 37. fxe5 f4 38. Rf1 Rf8 39. Kf2 Kf7 40. Kf3 Ke6 41. Re1
Kf5 42. Re2 Re8 43. g3 fxg3 44. Kxg3 g5 45. Rf2+ Ke4 46. hxg5 Kd3 47. Rf3+ Ke4
48. g6 Rg8 49. Rf6 Kd3 50. Kh4 Kxc3 51. Kxh5 Rh8+ 52. Kg5 Kxd4 53. Rxc6 Kxe5 54.
g7 Rh3 55. Rg6 Rxa3 56. g8=Q Rg3+ 57. Kh6 Rh3+ 58. Kg7 Kd4 59. Qe6 a3 60. Qxh3
Kxc5 61. Qxa3+ 1-0

[Event "Challenge"]
[Site "http://www.queenalice.com/game.php?id=1556032"]
[Date "2019.1.9"]
[Round "-"]
[White "siarango"]
[Black "Astralis"]
[Result "0-1"]
[WhiteElo "1841"]
[BlackElo "1974"]

1. d4 d5 2. c4 e6 3. Nc3 Nf6 4. c5 Nc6 5. Bg5 Be7 6. e3 Bd7 7. Nf3 O-O 8. h3 Re8
9. Be2 b6 10. cxb6 cxb6 11. O-O h6 12. Bh4 Na5 13. a4 Nb7 14. b3 Nd6 15. Re1 g5
16. Nxg5 hxg5 17. Bxg5 Kf8 18. Bf3 Ng8 19. Bxe7+ Kxe7 20. Qd3 Bc6 21. e4 dxe4
22. Nxe4 Nxe4 23. Bxe4 Bxe4 24. Rxe4 Nf6 25. Re2 Nd5 26. Rc1 Rc8 27. Rxc8 Qxc8
28. Rc2 Qb7 29. f3 Nb4 30. Qd1 Nxc2 31. Qxc2 Rc8 32. Qd2 Qd5 33. Qb4+ Qd6 34.
Qd2 Rd8 35. Qg5+ Kd7 36. Qb5+ Qc6 37. Qb4 Kc7 38. Qe7+ Qd7 39. Qf6 Qxd4+ 40.
Qxd4 Rxd4 41. Kf2 Rb4 0-1

[Event "Challenge"]
[Site "http://www.queenalice.com/game.php?id=1556033"]
[Date "2019.1.9"]
[Round "-"]
[White "siarango"]
[Black "dogxadrez"]
[Result "0-1"]
[WhiteElo "1830"]
[BlackElo "1869"]

1. e4 e5 2. Bc4 Nf6 3. d3 c6 4. Nf3 d5 5. exd5 cxd5 6. Bb3 Bd6 7. O-O O-O 8. Bg5
d4 9. Re1 Nc6 10. Nbd2 h6 11. Bh4 Re8 12. a3 Bg4 13. h3 Bh5 14. g4 Bg6 15. Nc4
Bc7 16. Re2 h5 17. g5 Nd7 18. Ncd2 Nc5 19. Ba2 e4 20. dxe4 Qd7 21. Bd5 Qxh3 22.
Qf1 Qg4+ 23. Kh1 Nxe4 24. Bxe4 Bxe4 25. Qg2 Qxh4+ 26. Qh2 Qxh2# 0-1

[Event "Challenge"]
[Site "http://www.queenalice.com/game.php?id=1556035"]
[Date "2019.1.9"]
[Round "-"]
[White "siarango"]
[Black "Marcio_Faria"]
[Result "0-1"]
[WhiteElo "1810"]
[BlackElo "1861"]

1. e4 c5 2. Bc4 Nc6 3. a3 Nf6 4. d3 d6 5. Nf3 Bg4 6. h3 Bxf3 7. Qxf3 Nd4 8. Qd1
a6 9. Nc3 g6 10. O-O b5 11. Ba2 Bg7 12. Nd5 O-O 13. c3 Nc6 14. Bg5 Nxd5 15. Bxd5
Qc7 16. Bxc6 Qxc6 17. Bxe7 Rfe8 18. Bh4 c4 19. Qf3 cxd3 20. Qxd3 Rxe4 21. Bg3 d5
22. Rad1 Rd8 23. Rfe1 Rxe1+ 24. Rxe1 d4 25. Re4 Rd5 26. cxd4 f5 27. Re1 Bxd4 28.
Qb3 Qc4 29. Qxc4 bxc4 30. Re2 a5 31. a4 Kf7 32. Kf1 Kf6 33. Bh4+ g5 34. Bg3 f4
35. Bh2 Re5 36. Rc2 Rc5 37. Ke2 c3 38. bxc3 Bxc3 39. g3 Kf5 40. g4+ Ke5 41. Kd3
Bb4 42. Rxc5+ Bxc5 43. f3 Kd5 44. Kc3 Bd4+ 45. Kb3 Kc5 46. h4 h6 47. hxg5 hxg5
48. Ka3 Kc4 49. Ka2 Kb4 50. Kb1 Kxa4 0-1

[Event "Challenge"]
[Site "http://www.queenalice.com/game.php?id=1560759"]
[Date "2019.2.12"]
[Round "-"]
[White "siarango"]
[Black "dogxadrez"]
[Result "0-1"]
[WhiteElo "1796"]
[BlackElo "1939"]

1. e4 e5 2. Nf3 Nc6 3. Bb5 a6 4. Bxc6 dxc6 5. h3 Nf6 6. d3 Bd6 7. Bg5 h6 8. Bh4
Be6 9. Nbd2 g5 10. Bg3 Nd7 0-1

[Event "Challenge"]
[Site "http://www.queenalice.com/game.php?id=1560764"]
[Date "2019.2.12"]
[Round "-"]
[White "siarango"]
[Black "elisa"]
[Result "0-1"]
[WhiteElo "1829"]
[BlackElo "1752"]

1. d4 d5 2. Nc3 Nf6 3. h3 Bf5 4. Nf3 e6 5. e3 Nc6 6. Bb5 a6 7. Bd3 Bd6 8. Bxf5
exf5 9. a3 O-O 10. Bd2 Re8 11. O-O Qd7 12. b4 h6 13. Re1 a5 14. b5 Ne7 15. a4
Ng6 16. Ne2 Bb4 17. Bxb4 axb4 18. c3 bxc3 19. Nxc3 b6 20. Qb3 Qd6 21. Rac1 Re6
22. Qc2 Ne4 23. Nxe4 dxe4 24. Nd2 Re7 25. Nc4 Qf6 26. Qb3 Qg5 27. g3 h5 28. Kh2
Rc8 29. Nxb6 Rd8 30. Nc4 h4 31. Rg1 c5 32. dxc5 hxg3+ 33. Rxg3 Qh4 34. Nd6 Ne5
35. Nxf5 Qf6 36. Nxe7+ Qxe7 37. c6 Qf6 38. Kg2 Rd2 0-1

[Event "Challenge"]
[Site "http://www.queenalice.com/game.php?id=1560766"]
[Date "2019.2.12"]
[Round "-"]
[White "siarango"]
[Black "Patrick_1977"]
[Result "1/2-1/2"]
[WhiteElo "1830"]
[BlackElo "1805"]

1. d4 d5 2. Nf3 Bf5 3. Nc3 e6 4. Bf4 Nc6 5. Nb5 Bd6 6. Nxd6+ cxd6 7. c3 h6 8. h3
Nf6 9. e3 a6 10. Bd3 Be4 11. Bxe4 Nxe4 12. Qc2 O-O 13. Nd2 Nxd2 14. Qxd2 Re8 15.
O-O e5 16. dxe5 dxe5 17. Bg3 Qd6 18. e4 Rad8 19. Rad1 d4 20. Qc2 Qg6 21. Rfe1
Qe6 22. cxd4 Rxd4 23. b3 Rxd1 24. Rxd1 Rd8 25. Rxd8+ Nxd8 26. Qc5 Nc6 27. Qd5
Kf8 28. Qxe6 fxe6 29. f4 exf4 30. Bxf4 g5 31. Be3 Kf7 32. Kf2 e5 33. g3 b5 34.
a3 a5 35. Kf3 Nd4+ 36. Bxd4 exd4 37. e5 Ke6 38. Ke4 d3 39. Kxd3 1/2-1/2